|
|
|
|
| LEADER |
00975nam a2200277 a 4500 |
| 001 |
2452030 |
| 008 |
090715s1989 nyu 000 1 eng d |
| 010 |
|
|
|a \\\89007611
|
| 020 |
|
|
|a 0802110320 (alk. paper) :
|c $17.95
|
| 020 |
|
|
|a 0802136303 (pbk)
|
| 040 |
|
|
|a DLC
|c DLC
|d DLC
|
| 082 |
0 |
0 |
|a 813/.54
|2 20
|
| 100 |
1 |
|
|a Mukherjee, Bharati.
|
| 245 |
1 |
0 |
|a Jasmine /
|c Bharati Mukherjee.
|
| 260 |
|
|
|a New York :
|b Grove Weidenfeld,
|c 1989.
|
| 300 |
|
|
|a 241 p. ;
|c 22 cm.
|
| 541 |
1 |
|
|e 00009695
|
| 650 |
|
0 |
|a East Indian Americans
|x Fiction.
|
| 650 |
|
0 |
|a Women
|z Florida
|x Fiction.
|
| 650 |
|
0 |
|a Women
|z Iowa
|x Fiction.
|
| 651 |
|
0 |
|a Florida
|x Fiction.
|
| 651 |
|
0 |
|a Iowa
|x Fiction.
|
| 655 |
|
7 |
|a Domestic fiction.
|2 lcsh
|
| 852 |
4 |
|
|a Ayesha Abed Library
|j General shelf
|
| 999 |
|
|
|c 2664
|d 2664
|
| 952 |
|
|
|0 0
|1 4
|2 ddc
|4 0
|6 813_540000000000000_MUK
|7 0
|9 2447
|a BRACUL
|b BRACUL
|c GEN
|d 2009-07-22
|g 0.00
|l 0
|o 813.54 MUK
|p 3010009695
|r 2009-07-22
|t 1
|w 2009-07-22
|y BK
|x No price found in the accession register.
|